000 00731nam a22002417a 4500
001 BR7601649
003 BR-BrBNA
005 20230928084929.0
007 ta
008 230509b bl.||||| |||| 00| 0 por d
040 _aBR-BrBNA
_bpor
_cBiblioteca Nacional de Agricultura
041 _a(Por)
072 _aD10
_b/G514
090 _ D10 BR7601649
110 1 _aInstituto Brasileiro de Desenvolvimento Florestal, Brasilia, DF (Brasil)
_95727
245 1 _aComissao executiva de Modernizacao, recomendacoes iniciais [Brasil]
260 3 _aBrasilia, DF (Brasil):
_c1976.
300 _a81 p.
650 _aADMINISTRACAO PUBLICA
650 _aMODERNIZACAO ADMINISTRATIVA
909 _a202309
_bLucia
_c55
_dLucia Elande
942 _cBK
999 _c21942
_d21942